| 000 | 00446 a2200133 4500 | ||
|---|---|---|---|
| 005 | 20250618063254.0 | ||
| 020 | _a9789976780888 | ||
| 082 | _a658.1511NBA | ||
| 111 | _aThe National Board of Accountants and Auditors Tanzania (NBAA) | ||
| 245 | _aT06 Principles of Cost Accounting and Procurement: Accounting Technician Level II | ||
| 260 |
_aDar Es Salaam, _bNBAA, _c2019. |
||
| 300 |
_a322p.; ill.; figure, table, picture _c29cm. |
||
| 942 |
_2ddc _cBKS |
||
| 999 |
_c4251 _d4251 |
||